MyGZULibrary

Modern political analysis. (Record no. 7659)

MARC details
000 -LEADER
fixed length control field 00745cam a22002531 4500
001 - CONTROL NUMBER
control field 4531538
003 - CONTROL NUMBER IDENTIFIER
control field GZU
005 - DATE AND TIME OF LATEST TRANSACTION
control field 20210512090508.0
008 - FIXED-LENGTH DATA ELEMENTS--GENERAL INFORMATION
fixed length control field 730213s1963 njua b 000 0 eng
010 ## - LIBRARY OF CONGRESS CONTROL NUMBER
LC control number 63011092
040 ## - CATALOGING SOURCE
Original cataloging agency DLC
Transcribing agency DLC
Modifying agency DLC
050 00 - LIBRARY OF CONGRESS CALL NUMBER
Classification number HM271
Item number .DAH 1963
082 00 - DEWEY DECIMAL CLASSIFICATION NUMBER
Classification number 320
100 1# - MAIN ENTRY--PERSONAL NAME
Personal name Dahl, Robert A.,
Dates associated with a name 1915-2014.
245 10 - TITLE STATEMENT
Title Modern political analysis.
260 ## - PUBLICATION, DISTRIBUTION, ETC.
Place of publication, distribution, etc. Englewood Cliffs, N.J.,
Name of publisher, distributor, etc. Prentice-Hall
Date of publication, distribution, etc. [1963]
300 ## - PHYSICAL DESCRIPTION
Extent 118 p.
Other physical details illus.
Dimensions 23 cm.
490 0# - SERIES STATEMENT
Series statement Foundations of modern political science series
504 ## - BIBLIOGRAPHY, ETC. NOTE
Bibliography, etc. note Includes bibliography.
650 #0 - SUBJECT ADDED ENTRY--TOPICAL TERM
Topical term or geographic name entry element Power (Social sciences)
650 #0 - SUBJECT ADDED ENTRY--TOPICAL TERM
Topical term or geographic name entry element Political science.
906 ## - LOCAL DATA ELEMENT F, LDF (RLIN)
a 7
b cbc
c orignew
d u
e ocip
f 19
g y-gencatlg
942 ## - ADDED ENTRY ELEMENTS (KOHA)
Source of classification or shelving scheme Library of Congress Classification
Koha item type Books
Classification part 271
Item part DAH
Call number prefix HM
Holdings
Withdrawn status Lost status Damaged status Not for loan Collection code Home library Current library Shelving location Date acquired Total Checkouts Full call number Barcode Date last seen Copy number Price effective from Koha item type
        Non-fiction Mashava Campus Library Mashava Campus Library General Stacks 05/12/2021   HM271DAH1963 006255 05/12/2021 c.1 05/12/2021 Books